Vybrané faktory rozvoja poľnohospodárstva Slovenskej republiky hodnotené prostredníctvom ekonomických ukazovateľov
Základný faktor, ktorý ovplyvňuje rozvoj, výkonnosť a konkurencieschopnosť slovenského poľnohospodárstva, je človek. Skúmanie pracovnej sily v poľnohospodárstve vo vzťahu k hrubému domácemu produktu, vývoj zamestnanosti a nezamestnanosti v poľnohospodárstve, vývoj priemerných miezd a mzdovej parity...
Salvato in:
| Autore principale: | |
|---|---|
| Natura: | Capitolo di libro |
| Lingua: | slovacco |
| Soggetti: | |
| Tags: |
Nessun Tag, puoi essere il primo ad aggiungerne!!
|
MARC
| LEADER | 00000naa$a2200000$$$4500 | ||
|---|---|---|---|
| 001 | 0225074 | ||
| 005 | 20240527080353.6 | ||
| 041 | 0 | |a slo | |
| 044 | |a SK | ||
| 245 | 1 | 0 | |a Vybrané faktory rozvoja poľnohospodárstva Slovenskej republiky hodnotené prostredníctvom ekonomických ukazovateľov |c Miroslav Tóth |
| 520 | |a Základný faktor, ktorý ovplyvňuje rozvoj, výkonnosť a konkurencieschopnosť slovenského poľnohospodárstva, je človek. Skúmanie pracovnej sily v poľnohospodárstve vo vzťahu k hrubému domácemu produktu, vývoj zamestnanosti a nezamestnanosti v poľnohospodárstve, vývoj priemerných miezd a mzdovej parity za obdobie rokov 2010-2015. | ||
| 610 | 2 | 0 | |a poľnohospodárstvo |
| 610 | 2 | 0 | |a sily pracovné |
| 610 | 2 | 0 | |a zamestnanosť |
| 610 | 2 | 0 | |a nezamestnanosť |
| 610 | 2 | 0 | |a miera nezamestnanosti |
| 610 | 2 | 0 | |a produkt domáci hrubý |
| 610 | 2 | 0 | |a mzdy priemerné |
| 610 | 2 | 0 | |a Slovensko |
| 100 | 1 | |a Tóth, Miroslav, 1961- | |